Подходящи ли сте един за друг? (Запис номер 67658)
[ съкратено ]
| 000 -Лидер | |
|---|---|
| Контролно поле с фиксирана дължина | 02068nam a2200445 c 4500 |
| 003 - Код на организацията, давaща контролен номер | |
| Контролно поле | BLK |
| 005 - Дата и час на последна редакция | |
| Контролно поле | 20240509140051.0 |
| 008 - Елементи от данни с фиксирана дължина | |
| fixed length control field | 180408b bul|||||r ||||||| ||bul|| |
| 010 ## - Наследен системен номер | |
| LC control number | KNG00071971000 |
| 020 ## - Международен стандартен номер на книга ISBN | |
| Международен стандартен номер на книга ISBN | 954-649-782-7 |
| -- | издат.: Сиела Софт енд Паблишинг |
| 040 ## - Източник на каталожния запис | |
| Идентификатор на билиотеката - собственик на записа | BLK |
| 041 ## - Код за език | |
| Код за езика на текст/звукозапис или на отделно заглавие | Български |
| Код за езика КДБФ | Български |
| 080 ## - УДК | |
| Текстов определител УДК | Психология на пола |
| УДК код - определител по УДК | 159.922.1 |
| УДК определител | (079)(02.062) |
| УДК - код + определител | 159.922.1(079)(02.062) |
| 080 ## - УДК | |
| Текстов определител УДК | Семейна етика. Вж и 176 ; 343.3/.7 ; 347.6 ; 392 |
| УДК код - определител по УДК | 173 |
| УДК определител | (079)(02.062) |
| УДК - код + определител | 173(079)(02.062) |
| 100 1# - Редна дума - Автор | |
| Автор | Пийз, Алън |
| Авторска отговорност | първи автор |
| R(LIN) | 266453 |
| 139 ## - Редно поле | |
| Редна дума | Пийз, Алън |
| Авторски знак | Пи - П 51 |
| 245 10 - Сведения за заглавието | |
| Заглавие | Подходящи ли сте един за друг? |
| Подзаглавни данни | Тестове за проверка на отношенията ви с вашия партньор |
| Редно поле (дума) | Алън Пийз; съавт. Барбара Пийз; прев. от англ. Анелия Александрова Данилова. |
| 257 ## - Страна на издаване | |
| Страна на създаване/издаване | Австралия |
| 260 ## - Област на издателските данни | |
| -- | София |
| Име на издателя, разпространителя и проч. | Сиела Софт енд Паблишинг |
| Година на издаване | 2005 |
| 300 ## - Физическа характеристика | |
| Страници | 128 с. |
| Илюстрации и др. | с ил. |
| Размери/Мащаб | 21 см |
| 380 ## - Жанр | |
| Жанр | Философия |
| 490 1# - СЕРИИ (Колекции) | |
| Име на серия | Поредица Новата ера в общуването |
| 500 ## - Общи забележки | |
| Забележка | Без сведение за ориг. загл. |
| 650 #4 - Допълнително описание по предмет – тема | |
| Основно описание – тема или топоним | Мъже - психология и поведение |
| 9 (RLIN) | 243392 |
| 650 #4 - Допълнително описание по предмет – тема | |
| Основно описание – тема или топоним | Жени - психология и поведение |
| 9 (RLIN) | 243391 |
| 650 #4 - Допълнително описание по предмет – тема | |
| Основно описание – тема или топоним | Семейство - психология |
| 9 (RLIN) | 269906 |
| 653 ## - Ключова дума – ненормативна | |
| Ключова дума | семейство |
| 653 ## - Ключова дума – ненормативна | |
| Ключова дума | мъже |
| 653 ## - Ключова дума – ненормативна | |
| Ключова дума | жени |
| 653 ## - Ключова дума – ненормативна | |
| Ключова дума | психология на личността |
| 653 ## - Ключова дума – ненормативна | |
| Ключова дума | тестове |
| 700 1# - Други автори (авторска отговорност) | |
| Лично име | Пийз, Барбара |
| Автороска отговорност (Описва отношението между автора и произведението) | съавт. |
| 9 (RLIN) | 266454 |
| 700 1# - Други автори (авторска отговорност) | |
| Лично име | Данилова, Анелия Александрова |
| Дати, свързани с автора | 1957 - |
| Друга информация | Преводач от английски език |
| 9 (RLIN) | 58525 |
| 852 ## - Местоположение | |
| Форматна сигнатура | Цб 231708 |
| 856 4# - Електронен адрес и достъп | |
| Електронен формат | pdf - файл |
| Път до файла /url/ | |
| 856 4# - Електронен адрес и достъп | |
| Електронен формат | pdf - файл |
| Път до файла /url/ | |
| 942 ## - АРТИКУЛИ | |
| Вид на библиотечния материал | Книги |
| Скрит в OPAC | Не |
| Koha issues (borrowed), all copies | 4 |
| 944 ## - СЪЗДАВАНЕ И РЕДАКЦИЯ на ЗАПИСА | |
| Създаване/Редакция | Създаване |
| Дата на регистрацията/редакция | 21.02.2007 |
| Служител, извършил регистрацията/редакцията | 30531 |
| Статус, дата на статуса | Цветелина Шанова |
| 944 ## - СЪЗДАВАНЕ И РЕДАКЦИЯ на ЗАПИСА | |
| Създаване/Редакция | Редакция |
| Дата на регистрацията/редакция | 28.02.2007 |
| Служител, извършил регистрацията/редакцията | |
| 999 ## - СИСТЕМНИ КОНТРОЛНИ НОМЕРА | |
| Koha biblionumber | 67658 |
| Koha biblioitemnumber | 67658 |
| Код за отписване | Код за изгубен артикул | Код за повреда | Коз за рестрикции | Код за отдаване | Артикулен № | Име на библиотеката - собственик | Име на библиотеката, в която се намира в момента | Статус (Текущо местоположение) | Дата на вписване в системата | Местоположение - отдел | Цена в лева | Инвентарен номер | Систематично азбучна сигнатура | Баркод | Номер на екземпляра | Цена в евро | Служебна бележка | Служебен тип на артикула | Източник на класификационната схема |
|---|---|---|---|---|---|---|---|---|---|---|---|---|---|---|---|---|---|---|---|
| Не е изгубен | Не е повреден | без рестрикции | ползва се в читалня | 111689 | Регионална библиотека "Любен Каравелов" Русе | Регионална библиотека "Любен Каравелов" Русе | Хранилище | 2007-02-22 | Хранилище | 5.00 | 120000710166 | Цб 231708 | 120000710166 | 1 | 2.56 | Дост: Dp Вид: Д N: 18 Дата: 12.04.2006 | Книги | ||
| Не е изгубен | Не е повреден | без рестрикции | заемане за дома | 731161 | Регионална библиотека "Любен Каравелов" Русе | Регионална библиотека "Любен Каравелов" Русе | Заемна - подръчен фонд | 2019-07-23 | Заемна - подръчен фонд | 5.00 | П 159.92/ П 51 | 120000834779 | 2.56 | Книги | Universal Decimal Classification |